Name the JJK Characters - Statistics

General Stats
  • This quiz has been taken 10 times
  • The average score is 14 of 16
Answer Stats
Picture Answer % Correct
Maki Zen'in
100%
Megumi Fushiguro
100%
Nobora Kugisaki
100%
Ryomen Sukuna
100%
Satoru Gojo
100%
Yuji Itadori
100%
Choso Kumo
88%
Kento Nanami
88%
Mahito
88%
Panda
88%
Toji Fushiguro
88%
Yuta Okkotsu
88%
Kinji Hakari
75%
Toge Inumaki
75%
Masamichi Yaga
63%
Naoya Zen'in
63%
No matching quizzes found
Score Distribution
Percent of People with Each Score
Percentile by Number Answered
Your Score History
You have not taken this quiz